| 000 | 00586nam a2200181 a 4500 | ||
|---|---|---|---|
| 005 | 20210219153159.0 | ||
| 008 | 991125n 000 0 eng u | ||
| 035 | _aUPN01000082586 | ||
| 100 | 1 | _aKaeley, Gurcharn S. | |
| 222 | _aEDUCATIONAL STUDIES IN MATHEMATICS | ||
| 245 | _aThe influences of socio-economic status, entry style and instructional variables on the learning of mathematics in a neo-literate society | ||
| 300 | _a319-350 | ||
| 362 | 0 | _a1990 Vol. 21, no. 4 | |
| 653 | 0 | _aMATEMATICA | |
| 653 | 0 | _aMETODOS DE ENSEĆANZA | |
| 904 |
_aAC _b020397 |
||
| 905 | _aArticulo | ||
| 999 |
_c70395 _d70395 |
||